<?xml version="1.0" encoding="UTF-8"?>
<record
    xmlns:xsi="http://www.w3.org/2001/XMLSchema-instance"
    xsi:schemaLocation="http://www.loc.gov/MARC21/slim http://www.loc.gov/standards/marcxml/schema/MARC21slim.xsd"
    xmlns="http://www.loc.gov/MARC21/slim">

  <leader>03671cam a22003854a 4500</leader>
  <controlfield tag="001">16530580</controlfield>
  <controlfield tag="005">20110426125334.0</controlfield>
  <controlfield tag="008">101103s2011    cau      b    001 0 eng  </controlfield>
  <datafield tag="010" ind1=" " ind2=" ">
    <subfield code="a">  2010046965</subfield>
  </datafield>
  <datafield tag="020" ind1=" " ind2=" ">
    <subfield code="a">0470922222</subfield>
  </datafield>
  <datafield tag="020" ind1=" " ind2=" ">
    <subfield code="a">9780470922224</subfield>
  </datafield>
  <datafield tag="035" ind1=" " ind2=" ">
    <subfield code="a">(OCoLC)ocn664666853</subfield>
  </datafield>
  <datafield tag="040" ind1=" " ind2=" ">
    <subfield code="a">DLC</subfield>
    <subfield code="c">DLC</subfield>
    <subfield code="d">YDX</subfield>
    <subfield code="d">BTCTA</subfield>
    <subfield code="d">YDXCP</subfield>
    <subfield code="d">YBM</subfield>
    <subfield code="d">WI9WB</subfield>
    <subfield code="d">BWX</subfield>
    <subfield code="d">ZAD</subfield>
    <subfield code="d">CDX</subfield>
    <subfield code="d">DLC</subfield>
  </datafield>
  <datafield tag="042" ind1=" " ind2=" ">
    <subfield code="a">pcc</subfield>
  </datafield>
  <datafield tag="050" ind1="0" ind2="0">
    <subfield code="a">HD53</subfield>
    <subfield code="b">.L56 2011</subfield>
  </datafield>
  <datafield tag="082" ind1="0" ind2="0">
    <subfield code="a">650.1</subfield>
    <subfield code="2">22</subfield>
    <subfield code="b">LIN</subfield>
  </datafield>
  <datafield tag="100" ind1="1" ind2=" ">
    <subfield code="a">Linkner, Josh,</subfield>
    <subfield code="d">1970-</subfield>
    <subfield code="9">24378</subfield>
  </datafield>
  <datafield tag="245" ind1="1" ind2="0">
    <subfield code="a">Disciplined Dreaming :</subfield>
    <subfield code="b">A Proven System to Drive breakthrough Creativity /</subfield>
    <subfield code="c">Josh Linkner.</subfield>
  </datafield>
  <datafield tag="260" ind1=" " ind2=" ">
    <subfield code="a">San Francisco :</subfield>
    <subfield code="b">Jossey-Bass, 2011</subfield>
    <subfield code="c">c2011.</subfield>
  </datafield>
  <datafield tag="300" ind1=" " ind2=" ">
    <subfield code="a">xi, 235 p. ;</subfield>
    <subfield code="c">24 cm.</subfield>
  </datafield>
  <datafield tag="504" ind1=" " ind2=" ">
    <subfield code="a">Includes bibliographical references and index.</subfield>
  </datafield>
  <datafield tag="505" ind1="0" ind2=" ">
    <subfield code="a">The case for creativity -- Disciplined dreaming: your system for creativity -- Step one: ask -- Defining the creativity challenge -- Driving curiosity and awareness -- Step two: prepare -- Gaining the keys to a creative mind and culture -- Preparing your environment to promote creative passion -- Step three: discover -- Discovering the ways of creativity -- Step four: ignite -- Generating creative sparks -- Igniting the sparks of creativity: the eight most powerful techniques -- Step five: launch -- Brining your ideas to life: the launch.</subfield>
  </datafield>
  <datafield tag="520" ind1=" " ind2=" ">
    <subfield code="a">"5-part process that will transform your organization-or your career-into a non-stop creativity juggernaut We live in an era when business cycles are measured in months, not years. The only way to sustain long term innovation and growth is through creativity-at all levels of an organization. Disciplined Dreaming shows you how to create profitable new ideas, empower all your employees to be creative, and sustain your competitive advantage over the long term. Linkner distills his years of experience in business and jazz - as well as hundreds of interviews with CEOs, entrepreneurs, and artists - into a 5-step process that will make creativity easy for you and your organization. The methodology is simple, backed by proven results. Empowers individuals, teams, and organizations to meet creative challenges posed by the marketplace. Turns the mystery of creativity into a simple-to-use process. Shows how creativity can be used for everything from innovative, game-shifting breakthroughs to incremental advances and daily improvements to business processes. Offers dozens of practical exercises, thought-starters, workouts to grow "creative muscles," and case studies. Disciplined Dreaming shows even the stuffiest corporate bureaucracies how to cultivate creativity in order to become more competitive in today's shifting marketplace."--</subfield>
  </datafield>
  <datafield tag="650" ind1=" " ind2="0">
    <subfield code="a">Creative ability in business.</subfield>
    <subfield code="9">24379</subfield>
  </datafield>
  <datafield tag="650" ind1=" " ind2="0">
    <subfield code="a">Success in business.</subfield>
    <subfield code="9">24380</subfield>
  </datafield>
  <datafield tag="653" ind1=" " ind2=" ">
    <subfield code="b">Bus</subfield>
    <subfield code="c">May2011</subfield>
  </datafield>
  <datafield tag="856" ind1="4" ind2="2">
    <subfield code="3">Cover image</subfield>
    <subfield code="u">http://catalogimages.wiley.com/images/db/jimages/9780470922224.jpg</subfield>
  </datafield>
  <datafield tag="856" ind1="4" ind2="2">
    <subfield code="3">Publisher description</subfield>
    <subfield code="u">http://catdir.loc.gov/catdir/enhancements/fy1106/2010046965-d.html</subfield>
  </datafield>
  <datafield tag="856" ind1="4" ind2="1">
    <subfield code="3">Table of contents only</subfield>
    <subfield code="u">http://catdir.loc.gov/catdir/enhancements/fy1106/2010046965-t.html</subfield>
  </datafield>
  <datafield tag="856" ind1="4" ind2="2">
    <subfield code="3">Contributor biographical information</subfield>
    <subfield code="u">http://catdir.loc.gov/catdir/enhancements/fy1106/2010046965-b.html</subfield>
  </datafield>
  <datafield tag="942" ind1=" " ind2=" ">
    <subfield code="2">ddc</subfield>
    <subfield code="c">BB</subfield>
  </datafield>
  <datafield tag="999" ind1=" " ind2=" ">
    <subfield code="c">15458</subfield>
    <subfield code="d">15458</subfield>
  </datafield>
  <datafield tag="952" ind1=" " ind2=" ">
    <subfield code="0">0</subfield>
    <subfield code="1">0</subfield>
    <subfield code="2">ddc</subfield>
    <subfield code="4">0</subfield>
    <subfield code="7">0</subfield>
    <subfield code="8">Baccah</subfield>
    <subfield code="a">MAIN</subfield>
    <subfield code="b">MAIN</subfield>
    <subfield code="c">1ST</subfield>
    <subfield code="d">2011-06-01</subfield>
    <subfield code="e">purchase</subfield>
    <subfield code="g">159.00</subfield>
    <subfield code="h">12344</subfield>
    <subfield code="l">4</subfield>
    <subfield code="m">6</subfield>
    <subfield code="o">650.1 LIN</subfield>
    <subfield code="p">000023971</subfield>
    <subfield code="r">2025-07-15 00:00:00</subfield>
    <subfield code="s">2023-07-09</subfield>
    <subfield code="y">BB</subfield>
  </datafield>
</record>
